[Event "FRA-ch op-D"]
[Site "L'Alpe d'Huez"]
[Date "2023.08.26"]
[Round "8"]
[White "Chevillon, Manon"]
[Black "Lara Golliot, Celian"]
[Result "1-0"]
[WhiteElo "1526"]
[BlackElo "1445"]
[PlyCount "63"]
[EventDate "2023.08.19"]
[EventType "swiss"]
[EventRounds "9"]
[EventCountry "FRA"]
[SourceTitle "EXT 2024"]
[Source "ChessBase"]
[SourceDate "2023.10.10"]
[SourceVersion "1"]
[SourceVersionDate "2023.10.10"]
[SourceQuality "1"]

1. e4 c6 2. d4 d5 3. Nc3 dxe4 4. Nxe4 Nf6 5. Nxf6+ exf6 6. Nf3 Bg4 7. Be2 Bd6 8. 0-0 0-0 9. c4 Nd7 10. Be3 Qc7 11. h3 Bxf3 12. Bxf3 c5 13. d5 Ne5 14. Be2 Rfe8 15. Re1 Re7 16. Qc2 Rae8 17. Red1 b6 18. a3 Ng6 19. Rab1 Bf4 20. Bxf4 Qxf4 21. Bf1 Re5 22. b4 Rg5 23. Qd2 Qd6 24. Kh1 Ne5 25. f4 Nxc4 26. Bxc4 Rg3 27. Re1 Rd8 28. Re3 Rg6 29. Rbe1 Qd7 30. Qe2 Kf8 31. Re7 Qc8 32. d6 1-0